Unwound Songs - Statistics

General Stats
  • This quiz has been taken 15 times
  • The average score is 53 of 85
Answer Stats
UNWOUND (1991) % Correct
All Souls Day
100%
Below the Salt
100%
Lady Elect
100%
October All Over
100%
Radio Gra
100%
Corpse Pose
89%
December
89%
Dragnalus
89%
For Your Entertainment
89%
Hexenzsene
89%
Look a Ghost
89%
One Lick Less
89%
Terminus
89%
Valentine Card / Kantina / Were, Are and Was or Is
89%
We Invent You
89%
What Was Wound
89%
Who Cares
89%
Abstraktions
78%
Go to Dallas and Take a Left
78%
Lowest Common Denominator
78%
Murder Movies
78%
New Energy
78%
NO TECH!
78%
Off This Century
78%
Pardon My French
78%
Summer Freeze
78%
Swan
78%
Treachery
78%
Usual Dosage
78%
Vern's Answer to the Masses
78%
Antifreeze
67%
Arboretum
67%
Demolished
67%
Demons Sing Love Songs
67%
Descension
67%
Devoid
67%
Entirely Different Matters
67%
Envelope
67%
Fiction Friction
67%
Fingernails on a Chalkboard
67%
Lifetime Achievement Award
67%
Lucky Acid
67%
Message Received
67%
Natural Disasters
67%
Nervous Energy
67%
Next Exit
67%
Ratbite
67%
Scarlette
67%
Sensible
67%
Unauthorized Autobiography
67%
What Went Wrong
67%
Data
56%
Disappoint
56%
Feeling$ Real
56%
Gravity Slips
56%
Honourosis
56%
Kandy Korn Rituals
56%
Laugh Track
56%
Meet the Plastics
56%
Petals Like Bricks
56%
Pure Pain Sugar
56%
Re-enact the Crime
56%
Star Spangled Hell
56%
Accidents on Purpose
44%
Equally Stupid
44%
Fingertips
44%
Here Come the Dogs
44%
Kid Is Gone
44%
Side Effects of Being Tired
44%
Sonata for Loudspeakers
44%
Stuck in the Middle of Nowhere Again
44%
The World Is Flat
44%
Prospect
33%
Rising Blood
33%
Understand and Forget
33%
Warmth
33%
You Bite My Tongue
33%
Bionic
22%
LD-50
22%
Love and Fear
22%
Crab Nebula
11%
Lying At Best
11%
Rubberband Heart
11%
Stumbling Block
11%
Whilst You're Ahead
11%
No matching quizzes found
Score Distribution
Percent of People with Each Score
Percentile by Number Answered
Your Score History
You have not taken this quiz